| 000 | 00410cam a22001217a 4500 | ||
|---|---|---|---|
| 008 | 180718b1986 xxu||||| |||| 00| 0 eng d | ||
| 082 | _aA75 M278BOM/G | ||
| 245 |
_aMaharashtra state gazetteers: Greater Bombay _cedited by K.K. Chaudhari |
||
| 260 |
_aBombay _bGazetteers Department _c1986 |
||
| 300 | _a3v. | ||
| 500 | _aContents: v.1. 1986. 600+p.;v.2. 1987. 980+p.;v.3. 1986. 807+p. | ||
| 700 | _aChaudhari, K.K. | ||
| 999 |
_c487011 _d487011 |
||